000 00501nam a2200169Ia 4500
008 090201s9999 xx 000 0 und d
010 _aKPL-18411
040 _bमराठी
041 _aमराठी
082 _a4946
_b18411
100 _aउद्धव ज. शेळके
245 _aसाहेब
_cउद्धव ज. शेळके
260 _c2004
_bपुष्पक प्रकाशन
300 _a487
_bमोठा
600 _aसाहेब
942 _cBOOK
999 _c205944
_d205944